书目信息 |
| 题名: |
城市与工业节约用水手册
|
|
| 作者: | 崔玉川 主编 | |
| 分册: | ||
| 出版信息: | 北京 化学工业出版社 2002.05 |
|
| 页数: | 640页 | |
| 开本: | 26cm | |
| 丛书名: | ||
| 单 册: | ||
| 中图分类: | X , TU991.64-62 | |
| 科图分类: | ||
| 主题词: | 给水工程:市政工程 , 安全科学 , 劳动保护 , 城市供水系统 | |
| 电子资源: | ||
| ISBN: | 7-5025-3770-8 | |
| 000 | 00700nam0 2200241 45 | |
| 001 | 0360772441 | |
| 005 | 2003090116525243 | |
| 010 | @a7-5025-3770-8@b精装@dCNY 96.00 | |
| 100 | @a20030901d2002 km y0chiy0120 ea | |
| 101 | 0 | @achi |
| 102 | @aCN@b110000 | |
| 200 | 1 | @a城市与工业节约用水手册@Acheng shi yu gong ye jie yue yong shui shou ce@f崔玉川主编@FCui Yu Chuan Zhu Bian |
| 210 | @a北京@c化学工业出版社@d2002.05 | |
| 215 | @a640页@d26cm | |
| 606 | 0 | @a给水工程:市政工程 |
| 606 | 0 | @a安全科学 |
| 606 | 0 | @a劳动保护 |
| 606 | 0 | @a城市供水系统 |
| 690 | @aX@v4 | |
| 690 | @aTU991.64-62@v3 | |
| 701 | 0 | @a崔玉川@ACui Yu Chuan@4主编 |
| 801 | 0 | @aCN@bPFT@c20030901 |
| 905 | @a@dTU991.64-62@eC978 | |
| 城市与工业节约用水手册/崔玉川主编.-北京:化学工业出版社,2002.05 |
| 640页;26cm |
| ISBN 7-5025-3770-8(精装):CNY 96.00 |
| ● |
| 相关链接 |
|
|
|
正题名:城市与工业节约用水手册
索取号:TU991.64-62/C978
 
预约/预借
| 序号 | 登录号 | 条形码 | 馆藏地/架位号 | 状态 | 备注 |
| 1 | 372510 | 203725102 | 市政与环境工程学院资料室/ [索取号:TU991.64-62/C978] | 在馆 | |
| 2 | 372511 | 203725111 | 建筑库201/201建筑库 137排1列1层/ [索取号:TU991.64-62/C978] | 在馆 |